| 000 | 00586 a2200181 4500 | ||
|---|---|---|---|
| 020 | _a8178083345 | ||
| 040 |
_aDLC _bDLC |
||
| 082 | _a621.395 | ||
| 100 | _a Morris Mano M. | ||
| 245 |
_aLogic and computer design fundamentals _cMano, M. Morris. |
||
| 250 | _a2nd | ||
| 260 |
_aNew Delhi _bPearson Education Pte. Ltd., _c2003. |
||
| 300 |
_axvi, 652 p. : _bcol. ill. ; _c24 cm. |
||
| 500 | _aIncludes bibliographical references and index | ||
| 650 | _a.Electronic digital computers--Circuits.2.Logic circuits.3.Logic design | ||
| 700 | _aKime, Charles R. | ||
| 942 |
_cBK _k621.395 MAN _2ddc |
||
| 999 |
_c4607 _d4607 |
||